000 01050nam a2200313Ia 4500
003 OSt
005 20221007123138.0
006 a|||||r|||| 00| 0
007 ta
008 221006b |||||||| |||| 00| 0 eng d
020 _a9781119344672 (pbk)
024 _a200927
037 _b1108392, 29/01/2020, Atlantic Publishers & Distributors (P) Ltd.
_cTextual
040 _aPAPL
_cPAPL
_beng
041 _2eng
_aeng
082 _aC9B3, Q9 Carpa
100 _aMartin Brian R
_9716678
245 0 _aNuclear and particle physics: An introduction
_b Shaw Graham
250 _a3
260 _aWest
_bSussex John Wiley
_c2019
300 _axiv, 499p. ill.
_ccm.
500 _aReferences 487-490p.; Index 491-499p.
650 _a Nuclear physics
_9543687
650 _a Particle phenomenology
_9716679
650 _aPhysics
700 _a Shaw Graham
942 _hC9B3, Q9 Carpa
_cTEXL
_2CC
999 _c1211446
_d1211446